000 00754cam a22002531 4500
001 000011514
005 20200929162458.0
008 761222s1966 moua 000 0 eng
010 _a66023426
015 _aGB67-295
035 _a(OCoLC)2640527
040 _aDO-SdBNP
_cCLolC
_dOCoLC
_dUk
_dOCoLC
_dDLC
050 0 0 _aRD621
_b.C3
060 _aWI l7 C164a 1966
100 1 _aCalman, Carl H.
_q(Carl Hubert)
_927242
245 1 0 _aAtlas of hernia repair /
_c[by] Carl H. Calman. Illustrated by Katherine Masterson.
260 _aSt. Louis, :
_bC.V. Mosby Co.,
_c1966.
300 _a159 p. :
_billus. ;
_c29 cm.
650 0 _aHernia.
_927243
740 0 _aHernia repair.
910 _aCatalogación por copia / LC
910 _aDC
082 _a617.559
999 _c11214
_d11214